[Event "HUN-chT2 Maroczy 0708"]
[Site "Hungary"]
[Date "2007.11.11"]
[Round "2"]
[White "Kabai, Zsuzsanna"]
[Black "Bogdany, Gabor"]
[Result "0-1"]
[WhiteElo "1789"]
[BlackElo "1975"]
[PlyCount "118"]
[EventDate "2007.10.14"]
[EventType "team"]
[EventRounds "11"]
[EventCountry "HUN"]
[SourceTitle "EXT 2009"]
[Source "ChessBase"]
[SourceDate "2008.11.26"]
[SourceVersion "1"]
[SourceVersionDate "2008.11.26"]
[SourceQuality "1"]
[WhiteTeam "Penzugyor"]
[BlackTeam "Oroshaza"]
[WhiteTeamCountry "HUN"]
[BlackTeamCountry "HUN"]

1. e4 c5 2. Nf3 Nc6 3. c4 Nf6 4. Nc3 e5 5. Be2 d6 6. 0-0 Be7 7. d3 0-0 8. Ne1 Be6 9. f4 exf4 10. Rxf4 Nd7 11. Bg4 Bg5 12. Rf1 Bxc1 13. Rxc1 Nde5 14. Bxe6 fxe6 15. Nf3 Qe7 16. Nxe5 Nxe5 17. Qe2 a6 18. Rxf8+ Rxf8 19. Rf1 Rxf1+ 20. Kxf1 Qg5 21. h3 Qg3 22. Na4 Qxd3 23. Qxd3 Nxd3 24. b3 Kf8 25. Nc3 Nb4 26. Ke2 Ke7 27. Ke3 Kf6 28. Kf4 Nd3+ 29. Ke3 Ne1 30. Kf2 Nc2 31. Ke2 Ke5 32. Kd2 Nd4 33. Ke3 b5 34. g3 g5 35. Kd3 bxc4+ 36. bxc4 Nc6 37. a3 Ne7 38. Nd1 h5 39. Nf2 Nc6 40. Ke3 Nd4 41. a4 Nc6 42. Nd3+ Kf6 43. Nc1 Ne5 44. Nb3 Nxc4+ 45. Ke2 Ke5 46. Kf3 a5 47. g4 h4 48. Nc1 Nd2+ 49. Ke3 Nxe4 50. Nd3+ Kd5 51. Ne1 c4 52. Nf3 c3 53. Nd4 e5 54. Nc2 Nc5 55. Ke2 Nxa4 56. Kd3 Nc5+ 57. Kxc3 Ne4+ 58. Kd3 Nf2+ 59. Ke2 Nxh3 0-1